000 00372pab a2200145 454500
008 180718b2007 xxu||||| |||| 00| 0 eng d
100 _aLai, Hongyi Harry
245 _aChina's oil diplomacy: is it a global security threat?
260 _c2007
300 _ap.519-37.
650 _aPetroleum products
773 _aThird World Quarterly
908 _aN
909 _a75222
999 _c75222
_d75222